Die 10 Erfolgreichsten Xbox 360 Spiele - Statistiken

Allgemein
  • Dieses Quiz wurde 72 mal gespielt
  • Das Durchschnittsergebnis liegt bei 3 aus 10
Antwortstatistiken
Platz Spiel verkaufte Einheiten Jahr % Korrekt
2 Grand Theft Auto V 17,00 Millionen 2013
63%
8 Grand Theft Auto IV 11,00 Millionen 2008
47%
7 Halo 3 12,13 Millionen 2007
47%
4 Call of Duty: Black Ops 14,55 Millionen 2010
42%
5 Call of Duty: Black Ops II 13,70 Millionen 2012
39%
6 Call of Duty: Modern Warfare 2 13,49 Millionen 2009
30%
3 Call of Duty: Modern Warfare 3 14,72 Millionen 2011
26%
10 Halo: Reach 9,85 Millionen 2010
16%
9 Call of Duty: Ghosts 10,16 Millionen 2013
12%
1 Kinect Adventures! 24,00 Millionen 2010
5%
Keine übereinstimmenden Quizze gefunden
Verteilung der Resultate
Anzahl Personen mit jedem Resultat
Perzentil nach korrekt beantworteten Fragen
Ihre Resultats-Entwicklung
Sie haben dieses Quiz noch nicht gespielt